Statystyki dla Polscy skoczkowie narciarscy - liczba zajmowanych podium w zawodach PŚ

Kliknij tutaj aby rozwiązać quiz!

Ogólne statystyki

  • Ten quiz został rozwiązany 118 razy
  • Średni wynik to 7 z 12

Statystyki odpowiedzi

Ilość podiumSkoczek% Poprawnych
92Adam Małysz
100%
80Kamil Stoch
99%
23Dawid Kubacki
98%
17Piotr Żyła
96%
3Maciej Kot
81%
2Jan Ziobro
68%
1Andrzej Stękała
57%
1Krzysztof Biegun
56%
10Piotr Fijas
45%
4Stanisław Bobak
33%
1Tadeusz Fijas
8%
1Janusz Malik
5%

Rozkład punktacji

Percentyl według liczby udzielonych odpowiedzi

Procent ludzi z każdym wynikiem

Twoja historia wyników

Nie rozwiązałeś tego quizu